00325cam a22001217a 4500008004000000020001500040082001600055100001500071245005100086260003600137300001000173650002000183180718b1998 xxu||||| |||| 00| 0 eng d a8125013067 aB14x54 Sh14 aShah, A.M. aFamily in India: critical essayscby A.M. Shah aNew DelhibOrient Longmanc1998 a173p. aFamily - India.